[Event "LSS ZL-2009-0-00542"]
[Site "LSS email"]
[Date "2009.06.19"]
[Round "?"]
[White "Hall, Dick"]
[Black "Groznyi, Ivan"]
[Result "0-1"]
[WhiteElo "1324"]
[BlackElo "1239"]
[PlyCount "70"]
[EventDate "2009.06.13"]
[EventType "match (corr)"]
[EventRounds "2"]
[EventCountry "GER"]
[SourceTitle "Corr 2011"]
[Source "ChessBase"]
[SourceDate "2010.08.31"]
[SourceVersion "1"]
[SourceVersionDate "2010.08.31"]
[SourceQuality "1"]

1. e4 d6 2. d4 Nf6 3. Nc3 g6 4. Nf3 a6 5. Bc4 b5 6. Bb3 e6 7. Bg5 h6 8. Bxf6 Qxf6 9. 0-0 Nd7 10. Re1 Bb7 11. d5 Nc5 12. e5 dxe5 13. Nxe5 0-0-0 14. Qg4 h5 15. Qf3 Qxf3 16. gxf3 Rh7 17. Rad1 Nxb3 18. cxb3 exd5 19. Kg2 g5 20. Kg1 f5 21. a3 Re7 22. Ng6 Rxe1+ 23. Rxe1 Bd6 24. Ne7+ Bxe7 25. Rxe7 d4 26. Nb1 Bxf3 27. Nd2 g4 28. Rf7 Re8 29. Kf1 Bd1 30. b4 Bc2 31. Rh7 d3 32. Rxh5 Re2 33. Rxf5 Rxd2 34. Rf8+ Kd7 35. Rg8 Rd1+ 0-1

[Event "LSS ZN-2009-0-00641"]
[Site "LSS email"]
[Date "2009.06.12"]
[Round "?"]
[White "Groznyi, Ivan"]
[Black "Molina, Vicente Andres"]
[Result "1-0"]
[WhiteElo "1114"]
[BlackElo "713"]
[PlyCount "57"]
[EventDate "2009.06.05"]
[EventType "match (corr)"]
[EventRounds "2"]
[EventCountry "GER"]
[SourceTitle "Corr 2011"]
[Source "ChessBase"]
[SourceDate "2010.08.31"]
[SourceVersion "1"]
[SourceVersionDate "2010.08.31"]
[SourceQuality "1"]

1. d4 Nf6 2. c4 g6 3. Nc3 Bg7 4. e4 d6 5. Nf3 Nc6 6. Be2 e5 7. dxe5 dxe5 8. Qxd8+ Kxd8 9. Be3 Be6 10. Rd1+ Ke7 11. Nd5+ Kf8 12. Nxc7 Rc8 13. Nxe6+ fxe6 14. Ng5 Re8 15. Rd6 Nd8 16. Rxd8 Rxd8 17. Nxe6+ Kf7 18. Nxd8+ Rxd8 19. f3 b6 20. b4 h6 21. Kf2 g5 22. Rc1 Bf8 23. c5 bxc5 24. bxc5 Rc8 25. c6 Bb4 26. Ba6 Rc7 27. Bxa7 Ba5 28. Bb8 Re7 29. c7 1-0

[Event "LSS ZN-2009-0-00641"]
[Site "LSS email"]
[Date "2009.06.12"]
[Round "?"]
[White "Molina, Vicente Andres"]
[Black "Groznyi, Ivan"]
[Result "0-1"]
[WhiteElo "713"]
[BlackElo "1114"]
[PlyCount "66"]
[EventDate "2009.06.05"]
[EventType "match (corr)"]
[EventRounds "2"]
[EventCountry "GER"]
[SourceTitle "Corr 2011"]
[Source "ChessBase"]
[SourceDate "2010.08.31"]
[SourceVersion "1"]
[SourceVersionDate "2010.08.31"]
[SourceQuality "1"]

1. c4 e5 2. Nc3 Nf6 3. e4 Bb4 4. d3 d6 5. Nge2 Bc5 6. Be3 Bxe3 7. fxe3 Ng4 8. Qd2 Qf6 9. Ng3 Qh6 10. Nf5 Bxf5 11. exf5 Qxe3+ 12. Qxe3 Nxe3 13. Kf2 Nxf5 14. Be2 Nc6 15. Bf3 Nfd4 16. Bd5 Nb4 17. Bxb7 Rb8 18. Bf3 Nxd3+ 19. Ke3 Nxb2 20. Nd5 Nc2+ 21. Kf2 Nxa1 22. Rxa1 Nxc4 23. Nxc7+ Kd7 24. Nd5 Rb2+ 25. Kg3 f5 26. Bd1 Rc8 27. Bb3 Nd2 28. Kh4 Nxb3 29. axb3 Rxg2 30. Rxa7+ Ke6 31. Nc7+ Kf7 32. Nb5+ Kg6 33. Nxd6 Rg4+ 0-1

[Event "LSS OP-2009-0-00854"]
[Site "LSS email"]
[Date "2009.05.24"]
[Round "?"]
[White "Garcia, Sergio"]
[Black "Groznyi, Ivan"]
[Result "0-1"]
[WhiteElo "800"]
[BlackElo "800"]
[PlyCount "66"]
[EventDate "2009.05.19"]
[EventType "tourn (corr)"]
[EventRounds "4"]
[EventCountry "GER"]
[SourceTitle "Corr 2011"]
[Source "ChessBase"]
[SourceDate "2010.08.31"]
[SourceVersion "1"]
[SourceVersionDate "2010.08.31"]
[SourceQuality "1"]

1. c4 Nf6 2. Nc3 e5 3. e4 Bc5 4. Nf3 Ng4 5. d4 exd4 6. Nxd4 Nxf2 7. Kxf2 Qf6+ 8. Ke3 Nc6 9. Nd5 Bxd4+ 10. Kd3 Qd8 11. Rb1 0-0 12. b4 Be5 13. Bb2 a5 14. a3 axb4 15. axb4 d6 16. Bxe5 Nxe5+ 17. Kd4 c6 18. Nf4 Qf6 19. Nh5 Qf2+ 20. Kc3 Bg4 21. Rb2 Qxb2+ 22. Kxb2 Bxd1 23. Nf4 f5 24. exf5 Rxf5 25. g3 Bf3 26. Rg1 g5 27. Nd3 Nxc4+ 28. Kc3 b5 29. g4 Rd5 30. h3 Ra3+ 31. Kc2 Ra1 32. Kc3 Bd1 33. Bg2 Ra3# 0-1

[Event "LSS OP-2009-0-00854"]
[Site "LSS email"]
[Date "2009.05.24"]
[Round "?"]
[White "Groznyi, Ivan"]
[Black "Kunakov, Oleg"]
[Result "0-1"]
[WhiteElo "800"]
[BlackElo "1782"]
[PlyCount "66"]
[EventDate "2009.05.19"]
[EventType "tourn (corr)"]
[EventRounds "4"]
[EventCountry "GER"]
[SourceTitle "Corr 2011"]
[Source "ChessBase"]
[SourceDate "2010.08.31"]
[SourceVersion "1"]
[SourceVersionDate "2010.08.31"]
[SourceQuality "1"]

1. b4 e5 2. Bb2 Bxb4 3. Bxe5 Nf6 4. c4 0-0 5. e3 d5 6. Qb3 Nc6 7. Nf3 Nxe5 8. Nxe5 Bd6 9. Nf3 dxc4 10. Bxc4 c6 11. Nc3 b5 12. Bd3 a6 13. a4 Be6 14. Qb1 b4 15. Ne4 h6 16. 0-0 c5 17. Nxd6 Qxd6 18. Rc1 Rfd8 19. Bf5 Bxf5 20. Qxf5 Rac8 21. Rc4 Nd7 22. a5 Rb8 23. Rb1 Rb5 24. Qc2 Rxa5 25. d4 Rb5 26. Nd2 a5 27. Nb3 a4 28. Nd2 Nb6 29. Ne4 Qg6 30. Rxc5 Rxc5 31. Qxc5 Qxe4 32. Qxb4 Nd5 33. Qb7 Nc3 0-1

[Event "LSS OP-2009-0-00854"]
[Site "LSS email"]
[Date "2009.05.24"]
[Round "?"]
[White "Groznyi, Ivan"]
[Black "Stuart, Keith"]
[Result "1-0"]
[WhiteElo "1114"]
[BlackElo "1267"]
[PlyCount "63"]
[EventDate "2009.05.19"]
[EventType "tourn (corr)"]
[EventRounds "4"]
[EventCountry "GER"]
[SourceTitle "Corr 2011"]
[Source "ChessBase"]
[SourceDate "2010.08.31"]
[SourceVersion "1"]
[SourceVersionDate "2010.08.31"]
[SourceQuality "1"]

1. e4 c5 2. Nf3 d6 3. d4 cxd4 4. Nxd4 Nf6 5. Nc3 g6 6. Be3 Bg7 7. Be2 0-0 8. f3 Nc6 9. Qd2 Nxd4 10. Bxd4 b6 11. g4 Bb7 12. 0-0-0 Rc8 13. h4 Qc7 14. h5 a6 15. Kb1 b5 16. a3 e6 17. h6 Bh8 18. g5 Ne8 19. Bxh8 Kxh8 20. Rhf1 Qc5 21. f4 f5 22. exf5 Qxf5 23. Rde1 Bg2 24. Bd3 Qh3 25. Rg1 Bf3 26. f5 b4 27. axb4 gxf5 28. Rxe6 Qh4 29. Bxa6 Ra8 30. Ne4 Bxe4 31. Qc3+ Nf6 32. gxf6 1-0

[Event "LSS OP-2009-0-00854"]
[Site "LSS email"]
[Date "2009.05.24"]
[Round "?"]
[White "Ozdemir, Zafer Omer"]
[Black "Groznyi, Ivan"]
[Result "0-1"]
[WhiteElo "659"]
[BlackElo "800"]
[PlyCount "54"]
[EventDate "2009.05.19"]
[EventType "tourn (corr)"]
[EventRounds "4"]
[EventCountry "GER"]
[SourceTitle "Corr 2011"]
[Source "ChessBase"]
[SourceDate "2010.08.31"]
[SourceVersion "1"]
[SourceVersionDate "2010.08.31"]
[SourceQuality "1"]

1. e4 e6 2. Nf3 c5 3. Bd3 Nc6 4. Nc3 d5 5. exd5 exd5 6. 0-0 Be7 7. Nb5 a6 8. Nc3 c4 9. Be2 d4 10. Nb1 d3 11. cxd3 cxd3 12. Bxd3 Qxd3 13. Ne1 Qg6 14. Qf3 Nf6 15. Nd3 Nd4 16. Qe3 Nc2 17. Qf3 Nxa1 18. Ne5 Qxb1 19. a3 Qf5 20. Qxf5 Bxf5 21. d4 Nb3 22. Bf4 Nxd4 23. Be3 Ne2+ 24. Kh1 Bd6 25. Nc4 Bc7 26. Re1 Bd3 27. Nd2 Ng4 0-1

[Event "LSS OP-2009-0-00828"]
[Site "LSS email"]
[Date "2009.04.30"]
[Round "?"]
[White "Groznyi, Ivan"]
[Black "Sherwood, Russell"]
[Result "1/2-1/2"]
[WhiteElo "800"]
[BlackElo "1870"]
[PlyCount "121"]
[EventDate "2009.04.26"]
[EventType "tourn (corr)"]
[EventRounds "4"]
[EventCountry "GER"]
[SourceTitle "Corr 2011"]
[Source "ChessBase"]
[SourceDate "2010.08.31"]
[SourceVersion "1"]
[SourceVersionDate "2010.08.31"]
[SourceQuality "1"]

1. b4 e5 2. Bb2 Bxb4 3. Bxe5 Nf6 4. a3 Ba5 5. e3 Nc6 6. Bc3 0-0 7. Nf3 Bb6 8. d4 Ne4 9. Bb2 Ba5+ 10. Nbd2 d5 11. Bd3 Bg4 12. c3 Nxc3 13. Qc2 Ne4 14. Bxe4 dxe4 15. Qxe4 Bxf3 16. Qxf3 Bxd2+ 17. Kxd2 Ne5 18. Qe2 c5 19. Ke1 Qa5+ 20. Kf1 cxd4 21. Bxd4 Nc6 22. Qe1 Qb5+ 23. Qe2 Nxd4 24. exd4 Qd5 25. Rd1 Rfe8 26. Qf3 Re4 27. g3 g5 28. h3 Rd8 29. Kg2 Rxd4 30. Rxd4 Qxf3+ 31. Kxf3 Rxd4 32. Rb1 b6 33. Ke2 Kg7 34. Ke3 Ra4 35. Rb3 f5 36. f4 gxf4+ 37. gxf4 Kf6 38. Kf3 h5 39. Kg3 Rc4 40. Rf3 b5 41. Kh4 Kg6 42. Kg3 a5 43. Rd3 h4+ 44. Kxh4 Rxf4+ 45. Kg3 Ra4 46. Rd6+ Kf7 47. Rd3 Kf6 48. h4 Kg6 49. Rd6+ Kf7 50. Ra6 Kg7 51. h5 Rxa3+ 52. Kf4 a4 53. Kxf5 Rc3 54. Kg5 Rc5+ 55. Kg4 Re5 56. Ra7+ Kg8 57. h6 Kh8 58. Kh4 Rd5 59. Kg4 Rc5 60. Kh4 Rf5 61. Kg4 1/2-1/2